LEADER 02676nam 2200649Ia 450 001 9910785240303321 005 20230721013416.0 010 $a0-429-91954-9 010 $a0-429-48054-7 010 $a1-282-77933-8 010 $a9786612779336 010 $a1-84940-844-0 035 $a(CKB)2670000000046938 035 $a(EBL)689995 035 $a(OCoLC)723944248 035 $a(SSID)ssj0000528252 035 $a(PQKBManifestationID)11318328 035 $a(PQKBTitleCode)TC0000528252 035 $a(PQKBWorkID)10548867 035 $a(PQKB)10083526 035 $a(MiAaPQ)EBC689995 035 $a(Au-PeEL)EBL689995 035 $a(CaPaEBR)ebr10419969 035 $a(CaONFJC)MIL277933 035 $a(OCoLC)320189803 035 $a(FINmELB)ELB147275 035 $a(EXLCZ)992670000000046938 100 $a20091027d2009 uy 0 101 0 $aeng 135 $aur|n|---||||| 181 $ctxt 182 $cc 183 $acr 200 00$aSupervisor training$b[electronic resource] $eissues and approaches /$fedited by Penny Henderson 210 $aLondon $cKarnac$d2009 215 $a1 online resource (349 p.) 225 1 $aGuide to supervision ;$v2 300 $aDescription based upon print version of record. 311 $a0-367-10556-X 311 $a1-85575-402-9 320 $aIncludes bibliographical references and index. 327 $aCover; Copy Right; ACKNOWLEDGEMENTS; ABOUT THE EDITOR AND CONTRIBUTORS; INTRODUCTION; PART I: ISSUES; PART II: APPROACHES; Epilogue; APPENDIX 1: Professional organizations with some involvement in supervision 330 $aConsidering how much experience there now is in providing supervisor training in the UK, relatively little has been written about it. This book aims to create a lively and readable resource that will be informative and inspirational for those planning for the future of training for supervisors of counsellors, or who create, teach on or apply for supervisor training. The structure and content will invite reflection on the training issues that the authors address. It is intended to be consciously forward looking in a period of rapid development, and is designed to highlight differences between p 410 0$aGuide to supervision series ;$v2. 606 $aSupervisors$xTraining of 606 $aEmployees$xTraining of 615 0$aSupervisors$xTraining of. 615 0$aEmployees$xTraining of. 676 $a658.4071245 701 $aHenderson$b Penny$01550637 801 0$bMiAaPQ 801 1$bMiAaPQ 801 2$bMiAaPQ 906 $aBOOK 912 $a9910785240303321 996 $aSupervisor training$93809571 997 $aUNINA LEADER 02621nas 2200805-a 450 001 9910130632003321 005 20260218110359.0 011 $a2253-5322 024 3 $a9770110195002 035 $a(DE-599)ZDB2702839-2 035 $a(CKB)110978978189574 035 $a(CONSER)---75642658- 035 $a(DE-599)2702839-2 035 $a(EXLCZ)99110978978189574 100 $a20750923a19739999 -a- - 101 0 $aeng 181 $ctxt$2rdacontent 182 $cc$2rdamedia 183 $acr$2rdacarrier 200 10$aUnited Nations handbook 210 $aWellington $cMinistry of Foreign Affairs$d1973- 215 $a1 online resource 225 1 $a1973-1977: Publication / Ministry of Foreign Affairs$l(DU400.A33) 311 08$aPrint version: United Nations handbook (Wellington, N.Z.) 0110-1951 (DLC) 75642658 (OCoLC)1799412 410 0$aPublication (New Zealand. Ministry of Foreign Affairs) 531 0 $aU.N. handb. 606 $aInternational agencies$vPeriodicals 606 $asociology 606 $aeducation 606 $aculture and humanities 606 $adirectory$2eurovocen 606 $aUN programmes and funds$2eurovocen 606 $aUNO$2eurovocen 606 $arépertoire$2eurovocfr 606 $aprogrammes et fonds de l'ONU$2eurovocfr 606 $aONU$2eurovocfr 606 $aInternational agencies$2fast$3(OCoLC)fst00976708 606 $aVerenigde Naties$2gtt 606 $aDirectories$2itrt 606 $aUN Specialized agencies$2itrt 606 $aInternational agencies$vPeriodicals$2nli 606 $aSPECIALIZED AGENCIES$2unbist 606 $aDIRECTORIES$2unbist 608 $aPeriodicals.$2fast 615 0$aInternational agencies 615 3$asociology. 615 3$aeducation. 615 3$aculture and humanities. 615 7$adirectory. 615 7$aUN programmes and funds. 615 7$aUNO. 615 7$arépertoire. 615 7$aprogrammes et fonds de l'ONU. 615 7$aONU. 615 7$aInternational agencies. 615 17$aVerenigde Naties. 615 7$aDirectories. 615 7$aUN Specialized agencies. 615 7$aInternational agencies 615 17$aSPECIALIZED AGENCIES. 615 27$aDIRECTORIES. 676 $a341.23 712 02$aNew Zealand.$bMinistry of Foreign Affairs. 712 02$aNew Zealand.$bMinistry of External Relations and Trade. 712 02$aNew Zealand.$bMinistry of Foreign Affairs and Trade. 906 $aJOURNAL 912 $a9910130632003321 920 $aexl_impl conversion 996 $aUnited Nations handbook$92235551 997 $aUNINA